📖🕯 150 premiers mots "Peau d'Ane" Perrault - Statistiques

Statistiques générales
  • Ce quiz a Ă©tĂ© pris 58 fois
  • Le rĂ©sultat moyen est 80 sur 150
Statistiques - réponses
Mots % Correct
Et
100%
et
100%
était
100%
Etait
100%
Il
100%
il
100%
Ă 
98%
fois
98%
un
98%
une
98%
d'
94%
Qu'
91%
qu'
91%
de
89%
De
89%
l'
87%
n'
87%
qui
87%
Roi
87%
belle,
85%
fille
85%
sa
85%
elle
83%
la
83%
Le
83%
le
83%
que
83%
se
83%
en
79%
les
79%
plus
74%
Ses
74%
ses
74%
Ce
72%
Avait
70%
avait
70%
Son
70%
son
70%
Dans
64%
dans
64%
pas
64%
ils
60%
on
60%
si
60%
grand
57%
sur
55%
y
55%
fût
53%
enfin
51%
Terre,
51%
riche
49%
avec
47%
Avec
47%
leur
45%
toutes
45%
étaient
43%
avoir
38%
soi ;
38%
heureux
30%
née
30%
Moins
28%
beaux
23%
encor
21%
Grands
21%
petits
21%
tant
21%
doux
19%
Ecurie
19%
chevaux ...
17%
Guerre,
13%
Palais
13%
parts
13%
douceur
11%
Epoux.
11%
abondance
9%
charmante
9%
craignaient,
9%
Paix,
9%
Partout
9%
Seul
9%
tendre
9%
Vertus
9%
vertus
9%
Aimable
6%
aimable
6%
voisins
6%
voyait
6%
ample
4%
Arts.
4%
chaste
4%
esprit
4%
fidèle,
4%
lignée.
4%
ombre
4%
Plein
4%
vaste
4%
vive
4%
agrément,
2%
aisément
2%
calmes,
2%
commode
2%
Compagne
2%
comparable
2%
consolaient
2%
Courtisans
2%
Etats
2%
Fleurir,
2%
fourmillait
2%
Hyménée
2%
Moitié,
2%
palmes,
2%
terrible
2%
Valets ;
2%
magnificience,
0%
Aucun quiz correspondant
Distribution des résultats
% des personnes avec chaque résultat
Percentile par nombre de réponses
Votre historique - résultats
Vous n’avez pas pris ce quiz